Logo BPK

Biblioteka

Politechniki Koszalińskiej

Biologičeskaja zaščita sudovych reaktorov / (Rekord nr 12840)

Szczegóły MARC
000 -ETYKIETA REKORDU
podpole kontrolne o stałej długości 00414nam a2200169 i 4500
001 - NUMER KONTROLNY REKORDU
pole kontrolne bg
040 ## - ŹRÓDŁO KATALOGOWANIA
Instytucja, która utworzyła rekord BPK
041 ## - KOD JĘZYKA
Kod języka tekstu pol
080 ## - UNIWERSALNA KLASYFIKACJA DZIESIĘTNA - UKD
UKD 621.039.58:57
008 - POLE O STAŁEJ DŁUGOŚCI - DANE KONTROLNE
podpole kontrolne o stałej długości s pl f |000 0 pol
100 1# - NAZWA OSOBOWA
Nazwa osobowa BRODER, D. L.
245 #0 - TYTUŁ/ODPOWIEDZIALNOŚĆ
Tytuł Biologičeskaja zaščita sudovych reaktorov /
Pozostałe elementy strefy tytułu i oznaczenia odpowiedzialności D.L. Broder.
260 ## - STREFA ADRESU WYDAWNICZEGO
Miejsce wydania Leningrad,
Data publikacji, dystrybucji/powstania dokumentu 1964.
700 1# - HASŁO DODATKOWE - NAZWA OSOBOWA
Nazwa osobowa POPKOV, K. K.
700 1# - HASŁO DODATKOWE - NAZWA OSOBOWA
Nazwa osobowa RUBANOV, S. M.
856 ## - LOKALIZACJA I DOSTĘP DO ELEKTRONICZNYCH DOKUMENTÓW ZDALNYCH
Link (URL) http://koha.tu.koszalin.pl/cgi-bin/koha/opac-detail.pl?biblionumber=12840
Tekst linku Katalog online BPK
942 ## - DODATKOWE ELEMENTY (KOHA)
Typ dokumentu Książka
Egzemplarze
Wycofany Status egzemplarza Uszkodzony Dostępność Lokalizacja stała Lokalizacja bieżąca Miejsce przechowywania Sygnatura Kod kreskowy Typ dokumentu
      Dostępny Biblioteka Politechniki Koszalińskiej Biblioteka Politechniki Koszalińskiej Wypożyczalnia BG 7787 01789423 Książka
© 2023 Biblioteka Politechniki Koszalińskiej :: KOHA